| 000 | 00716nam a2200289Ia 4500 | ||
|---|---|---|---|
| 005 | 20260324122937.0 | ||
| 008 | 008 260324s9999 xx 000 0 eng d | ||
| 020 | _a9780203876855 | ||
| 037 | _aEBOOK | ||
| 040 | _aCRL | ||
| 040 | _beng | ||
| 040 | _cCRL | ||
| 041 | _2eng | ||
| 041 | _aeng | ||
| 084 | _qCRL | ||
| 100 |
_aChristopher P. Campbell; Rockell A. Brown; Cheryl D. Jenkins; Kim M. LeDuff _91168430 |
||
| 245 | 0 | _aRace and News | |
| 245 | 0 | _bCritical Perspectives | |
| 260 | _bTaylor and Francis | ||
| 260 | _c2012 | ||
| 365 | _a | ||
| 365 | _b230 | ||
| 856 | _uhttp://www.taylorfrancis.com/books/9780203876855 | ||
| 942 | _cEBOOK | ||
| 999 |
_c1761524 _d1761524 |
||